A gyakorlatnak tanulunk A szakszervezeti oktatás műhelyében /

Elmentve itt :
Bibliográfiai részletek
Szerző: Simai Mihály
Dokumentumtípus: Cikk
Megjelent: 1974-03-21
Sorozat:Délmagyarország 64 No. 67
Kulcsszavak:szakszervezetek
Online Access:http://dmarchiv.bibl.u-szeged.hu/113773
LEADER 00485nab a2200157 i 4500
001 delm113773
005 20190416120526.0
008 190416s1974 hu o 0|| hun d
040 |a SZTE Délmagyarország Archívum  |b hun 
041 |a hun 
100 1 |a Simai Mihály 
245 1 2 |a A gyakorlatnak tanulunk   |h [elektronikus dokumentum] :  |b A szakszervezeti oktatás műhelyében /  |c  Simai Mihály 
260 |c 1974-03-21 
300 |a 4 
490 0 |a Délmagyarország  |v 64 No. 67 
695 |a szakszervezetek